[Event "Brasilia Centro Oeste-ch"]
[Site "Brasilia"]
[Date "2017.09.24"]
[Round "6"]
[White "De Oliveira, Italo Candido"]
[Black "Santos, Saymon Silva"]
[Result "1-0"]
[WhiteElo "1787"]
[BlackElo "1431"]
[PlyCount "53"]
[EventDate "2017.09.22"]
[EventType "swiss"]
[EventRounds "6"]
[EventCountry "BRA"]
[SourceTitle "CBM 180 Extra"]
[Source "ChessBase"]
[SourceDate "2017.10.06"]
[SourceVersion "1"]
[SourceVersionDate "2017.10.06"]
[SourceQuality "1"]

1. e4 c6 2. d4 d5 3. e5 e6 4. Nf3 c5 5. c3 Nc6 6. Bd3 cxd4 7. cxd4 Nge7 8. 0-0 Qb6 9. Nc3 Nxd4 10. Nxd4 Qxd4 11. Bb5+ Nc6 12. Bxc6+ bxc6 13. Qxd4 Bd7 14. b3 g6 15. Qh4 Bg7 16. Re1 c5 17. Bh6 Bxh6 18. Qxh6 d4 19. Ne4 Ke7 20. Qg5+ Kf8 21. Qf6 Rg8 22. Nxc5 Bc6 23. Nxe6+ Ke8 24. Nc7+ Kf8 25. Nxa8 Bxa8 26. Rac1 Ke8 27. Rc7 1-0

[Event "Brasilia Centro Oeste-ch"]
[Site "Brasilia"]
[Date "2017.09.24"]
[Round "5"]
[White "De Siqueira, Luigy Lira"]
[Black "Santos, Saymon Silva"]
[Result "0-1"]
[WhiteElo "1432"]
[BlackElo "1431"]
[PlyCount "100"]
[EventDate "2017.09.22"]
[EventType "swiss"]
[EventRounds "6"]
[EventCountry "BRA"]
[SourceTitle "CBM 180 Extra"]
[Source "ChessBase"]
[SourceDate "2017.10.06"]
[SourceVersion "1"]
[SourceVersionDate "2017.10.06"]
[SourceQuality "1"]

1. e4 c6 2. d4 d5 3. Nc3 dxe4 4. Nxe4 Bf5 5. Ng3 Bg6 6. h4 h6 7. Nf3 Nf6 8. Bd3 Bxd3 9. Qxd3 e6 10. Bf4 Be7 11. 0-0-0 Nd5 12. Bd2 Nd7 13. Rhe1 Qc7 14. Kb1 c5 15. c4 N5b6 16. d5 0-0-0 17. Ba5 Bf6 18. Nh5 Bxb2 19. Qb3 g6 20. Kxb2 gxh5 21. dxe6 fxe6 22. Bxb6 Qxb6 23. Qxb6 Nxb6 24. Rxd8+ Rxd8 25. Rxe6 Nxc4+ 26. Kc3 Rd6 27. Re8+ Kd7 28. Ra8 Na3 29. Rf8 b5 30. Rf7+ Kc6 31. Rxa7 b4+ 32. Kb3 Kb6 33. Rf7 Rd3+ 34. Ka4 Nc4 35. Rf6+ Nd6 36. Rxd6+ Rxd6 37. Ne5 Ka6 38. Kb3 Rf6 39. f3 Rf4 40. g3 Rf5 41. f4 Kb5 42. Nd7 c4+ 43. Kc2 Rd5 44. Ne5 c3 45. Nf3 Ka4 46. Kc1 Ka3 47. Kb1 b3 48. axb3 Kxb3 49. Kc1 c2 50. Nd2+ Rxd2 0-1

[Event "Brasilia IRT Marista U2300"]
[Site "Brasilia"]
[Date "2017.08.13"]
[Round "5.7"]
[White "Tufenkjian, Victor Piemonte"]
[Black "Santos, Saymon Silva"]
[Result "1-0"]
[WhiteElo "1333"]
[BlackElo "1468"]
[PlyCount "67"]
[EventDate "2017.08.12"]
[EventType "swiss"]
[EventRounds "5"]
[EventCountry "BRA"]
[SourceTitle "EXT 2022"]
[Source "ChessBase"]
[SourceDate "2021.10.06"]
[SourceVersion "1"]
[SourceVersionDate "2021.10.06"]
[SourceQuality "1"]

1. e4 c6 2. d4 d5 3. Nc3 dxe4 4. Nxe4 Bf5 5. Ng3 Bg6 6. Bd3 Qxd4 7. Be3 Qb4+ 8. Bd2 Qxb2 9. Bxg6 hxg6 10. Nf3 Nf6 11. Rb1 Qxa2 12. Rxb7 Qe6+ 13. Ne2 a5 14. Bf4 Nbd7 15. 0-0 Rd8 16. Bc7 Rc8 17. Bxa5 Qd6 18. Qxd6 exd6 19. Rfb1 Be7 20. Bc3 0-0 21. Bxf6 Bxf6 22. Rxd7 Rb8 23. Rdb7 Rxb7 24. Rxb7 Ra8 25. g3 Ra2 26. Ned4 c5 27. Nb5 Rxc2 28. Nxd6 Rc3 29. Kg2 c4 30. Rc7 Kh7 31. Nxc4 Kg8 32. Nfd2 Bg5 33. Ne4 Bd8 34. Rc8 1-0

[Event "BRA-ch U12"]
[Site "Brasilia"]
[Date "2017.04.23"]
[Round "6.8"]
[White "Santos, Saymon Silva"]
[Black "Albiero, Marco Antonio Batis"]
[Result "1/2-1/2"]
[WhiteElo "1455"]
[BlackElo "1371"]
[PlyCount "65"]
[EventDate "2017.04.21"]
[EventType "swiss"]
[EventRounds "6"]
[EventCountry "BRA"]
[SourceTitle "EXT 2022"]
[Source "ChessBase"]
[SourceDate "2021.10.06"]
[SourceVersion "1"]
[SourceVersionDate "2021.10.06"]
[SourceQuality "1"]

1. d4 d5 2. c4 e6 3. Nc3 Nf6 4. Nf3 Be7 5. Bg5 0-0 6. e3 Nbd7 7. Bd3 a6 8. Qc2 dxc4 9. Bxc4 b5 10. Be2 Bb7 11. 0-0 c5 12. dxc5 Bxc5 13. Rad1 Qc7 14. Bf4 e5 15. Bg3 Rac8 16. Rc1 Ng4 17. Ne4 Nxe3 18. Bxe5 Nxe5 19. Qxc5 Nxf3+ 20. Bxf3 Qxc5 21. Nxc5 Nxf1 22. Bxb7 Rc7 23. Kxf1 a5 24. g3 Rb8 25. Ba6 Rb6 26. Rd1 h6 27. Rd8+ Kh7 28. Nd7 Rxd7 29. Rxd7 Rxa6 30. Rxf7 Rc6 31. Rb7 Rc5 32. Rb6 Rc1+ 33. Kg2 1/2-1/2

[Event "Brasilia Marista U2200"]
[Site "Brasilia"]
[Date "2016.08.28"]
[Round "5.3"]
[White "Santos, Saymon Silva"]
[Black "Noguerol, Alvaro Vinueza"]
[Result "0-1"]
[WhiteElo "1366"]
[BlackElo "1817"]
[PlyCount "94"]
[EventDate "2016.08.27"]
[EventType "swiss"]
[EventRounds "5"]
[EventCountry "BRA"]
[SourceTitle "EXT 2022"]
[Source "ChessBase"]
[SourceDate "2021.10.06"]
[SourceVersion "1"]
[SourceVersionDate "2021.10.06"]
[SourceQuality "1"]

1. d4 Nf6 2. c4 g6 3. Nc3 Bg7 4. e4 0-0 5. e5 Ne8 6. Nf3 d6 7. Bf4 Nd7 8. Be2 c5 9. exd6 Nxd6 10. 0-0 cxd4 11. Nd5 e5 12. Bg3 Nf5 13. Re1 Re8 14. Bd3 Nxg3 15. fxg3 f5 16. Bc2 Nb6 17. Bb3 Kh8 18. h4 Qd6 19. Nxb6 axb6 20. Ng5 Qc5 21. Kh1 h6 22. Nf3 e4 23. Ng1 d3 24. Nh3 Bxb2 25. Rb1 Be5 26. Nf4 Bxf4 27. gxf4 Bd7 28. h5 g5 29. fxg5 hxg5 30. h6 Qf2 31. Qh5 Qh4+ 32. Qxh4 gxh4 33. Bd1 Rxa2 34. Bb3 Ra5 35. Rf1 e3 36. Rfe1 d2 37. Re2 Bc6 38. Rd1 Rae5 39. Rf1 h3 40. Kh2 Bxg2 41. Rf4 Kh7 42. Bc2 Kxh6 43. Rh4+ Kg5 44. Kg3 Re4 45. Rxe4 fxe4 46. Rxe3 Rf8 47. Kh2 Kf4 0-1

[Event "Brasilia Marista U2200"]
[Site "Brasilia"]
[Date "2016.08.27"]
[Round "1.1"]
[White "Felix, Raimundo Nascimento"]
[Black "Santos, Saymon Silva"]
[Result "1-0"]
[WhiteElo "1907"]
[BlackElo "1366"]
[PlyCount "65"]
[EventDate "2016.08.27"]
[EventType "swiss"]
[EventRounds "5"]
[EventCountry "BRA"]
[SourceTitle "EXT 2022"]
[Source "ChessBase"]
[SourceDate "2021.10.06"]
[SourceVersion "1"]
[SourceVersionDate "2021.10.06"]
[SourceQuality "1"]

1. e4 c5 2. Nc3 e6 3. f4 Nc6 4. Bb5 a6 5. Bxc6 bxc6 6. d3 Be7 7. Nf3 Bb7 8. 0-0 d5 9. e5 Nh6 10. Ne2 Qb6 11. c4 Rd8 12. Qe1 dxc4 13. dxc4 Nf5 14. Ng3 Nd4 15. Qf2 Qb4 16. b3 Qc3 17. Bb2 Nxf3+ 18. gxf3 Qb4 19. Ne4 Qa5 20. Bc3 Qb6 21. Qg3 Kd7 22. Nd6 Bxd6 23. Rfd1 Kc8 24. exd6 f6 25. Qe1 Rhe8 26. Ba5 Qa7 27. Bxd8 Kxd8 28. Qg3 g6 29. Qh4 g5 30. Qxh7 Qb6 31. d7 Re7 32. Qh8+ Kc7 33. d8Q# 1-0

[Event "Brasilia Marista U2200"]
[Site "Brasilia"]
[Date "2016.08.27"]
[Round "3.6"]
[White "Terra, Arthur Schneider"]
[Black "Santos, Saymon Silva"]
[Result "0-1"]
[WhiteElo "1566"]
[BlackElo "1366"]
[PlyCount "58"]
[EventDate "2016.08.27"]
[EventType "swiss"]
[EventRounds "5"]
[EventCountry "BRA"]
[SourceTitle "EXT 2022"]
[Source "ChessBase"]
[SourceDate "2021.10.06"]
[SourceVersion "1"]
[SourceVersionDate "2021.10.06"]
[SourceQuality "1"]

1. d4 d5 2. c4 e6 3. e3 a6 4. Nf3 Nf6 5. Nc3 b6 6. cxd5 exd5 7. Bd3 Be7 8. e4 Bb7 9. e5 Ne4 10. Qc2 Ng5 11. Bxg5 Bxg5 12. 0-0 g6 13. Qb3 Nc6 14. Rad1 a5 15. Qc2 Nb4 16. Qe2 Na6 17. e6 0-0 18. Nxg5 Qxg5 19. f4 Qf6 20. exf7+ Rxf7 21. Qe5 Raf8 22. Qxf6 Rxf6 23. g3 c5 24. dxc5 bxc5 25. Be2 d4 26. Ne4 Rd8 27. Nxc5 Bc8 28. Bxa6 Bxa6 29. Nxa6 Rxa6 0-1

[Event "BRA-ch Regional Centro Oeste"]
[Site "Brasilia"]
[Date "2016.08.14"]
[Round "5.18"]
[White "Labussiere, Victor"]
[Black "Santos, Saymon Silva"]
[Result "1-0"]
[WhiteElo "1686"]
[BlackElo "1366"]
[PlyCount "103"]
[EventDate "2016.08.12"]
[EventType "swiss"]
[EventRounds "6"]
[EventCountry "BRA"]
[SourceTitle "EXT 2022"]
[Source "ChessBase"]
[SourceDate "2021.10.06"]
[SourceVersion "1"]
[SourceVersionDate "2021.10.06"]
[SourceQuality "1"]

1. d4 d5 2. c4 e6 3. Nf3 Nf6 4. Nc3 b6 5. Bg5 Nbd7 6. e3 Be7 7. Bd3 0-0 8. 0-0 Bb7 9. Rc1 a6 10. a4 dxc4 11. Bxc4 Ra7 12. Be2 Ne4 13. Bxe7 Qxe7 14. Nxe4 Bxe4 15. Bd3 Bxd3 16. Qxd3 Nf6 17. Ne5 Raa8 18. Nc6 Qd7 19. Rc2 a5 20. Rfc1 Rfc8 21. e4 h6 22. f3 Ne8 23. Rc3 Kh8 24. Qe3 Kg8 25. Qf4 f6 26. Qg4 Nd6 27. d5 f5 28. dxe6 Qxe6 29. exf5 Nxf5 30. Qxf5 Qxf5 31. Ne7+ Kf7 32. Nxf5 Kf6 33. Ne3 Ra7 34. Nd5+ Kf7 35. Rxc7+ Rcxc7 36. Rxc7+ Rxc7 37. Nxc7 Ke7 38. Nd5+ Kd6 39. Nxb6 Kc5 40. Nd7+ Kb4 41. Ne5 Kxa4 42. Nd3 Kb3 43. Kf2 Kc2 44. Ke3 g5 45. g4 Kb3 46. Kd2 Kc4 47. Ne5+ Kd5 48. Nf7 Ke6 49. Nxh6 Kf6 50. Nf5 Kg6 51. h4 gxh4 52. Nxh4+ 1-0

[Event "BRA-ch Regional Centro Oeste"]
[Site "Brasilia"]
[Date "2016.08.12"]
[Round "1.13"]
[White "De Paula, Leonardo Morais"]
[Black "Santos, Saymon Silva"]
[Result "1-0"]
[WhiteElo "1729"]
[BlackElo "1366"]
[PlyCount "97"]
[EventDate "2016.08.12"]
[EventType "swiss"]
[EventRounds "6"]
[EventCountry "BRA"]
[SourceTitle "EXT 2022"]
[Source "ChessBase"]
[SourceDate "2021.10.06"]
[SourceVersion "1"]
[SourceVersionDate "2021.10.06"]
[SourceQuality "1"]

1. e4 c5 2. b3 Nc6 3. Bb2 e6 4. Nf3 Nf6 5. e5 Nd5 6. Nc3 Nxc3 7. Bxc3 g6 8. g3 Bg7 9. Bg2 Qc7 10. Qe2 b6 11. 0-0 0-0 12. Rfe1 Bb7 13. d4 cxd4 14. Nxd4 Nxd4 15. Bxd4 Bxg2 16. Kxg2 Rac8 17. c4 Qc6+ 18. Kg1 Rfd8 19. Rad1 d6 20. exd6 Rxd6 21. Bxg7 Rxd1 22. Rxd1 Kxg7 23. Qd3 h6 24. Qd4+ Kg8 25. Rd3 Qc5 26. Qxc5 Rxc5 27. Rd7 Ra5 28. a4 Kf8 29. Kf1 h5 30. f4 e5 31. fxe5 Rxe5 32. Rxa7 Re3 33. b4 Rc3 34. Rc7 Ra3 35. Rc6 Rxa4 36. Rxb6 Ra1+ 37. Kg2 Ra2+ 38. Kf3 Rxh2 39. c5 Rc2 40. c6 Ke8 41. b5 f5 42. Rb7 Rc3+ 43. Kf4 Rc4+ 44. Ke5 Re4+ 45. Kd6 Rd4+ 46. Kc5 Rd2 47. Kb6 Rc2 48. Rg7 g5 49. c7 1-0

[Event "Brasilia IRT de Ferias"]
[Site "Brasilia"]
[Date "2016.07.16"]
[Round "3.9"]
[White "De Andrade, Ivan Neudir"]
[Black "Santos, Saymon Silva"]
[Result "1-0"]
[WhiteElo "1901"]
[BlackElo "1372"]
[PlyCount "55"]
[EventDate "2016.07.15"]
[EventType "swiss"]
[EventRounds "6"]
[EventCountry "BRA"]
[SourceTitle "EXT 2022"]
[Source "ChessBase"]
[SourceDate "2021.10.06"]
[SourceVersion "1"]
[SourceVersionDate "2021.10.06"]
[SourceQuality "1"]

1. g3 Nf6 2. Bg2 g6 3. c4 Bg7 4. Nc3 0-0 5. d3 c6 6. Bg5 e6 7. Qd2 Qb6 8. Be3 Qd8 9. Bh6 Qb6 10. Bxg7 Kxg7 11. h4 h5 12. Ne4 Nxe4 13. Bxe4 d5 14. Bf3 dxc4 15. g4 cxd3 16. gxh5 Rd8 17. hxg6 dxe2 18. Qc3+ Qd4 19. gxf7 Qxc3+ 20. bxc3 Kxf7 21. Nxe2 Kg6 22. Be4+ Kh6 23. Rg1 Kh5 24. Nf4+ Kxh4 25. Rg6 e5 26. Ke2 Rf8 27. Rh1+ Bh3 28. Rxh3# 1-0

[Event "BRA-ch Amateur"]
[Site "Brasilia"]
[Date "2016.06.18"]
[Round "2"]
[White "Lima, Eduardo Sousa Perei"]
[Black "Santos, Saymon Silva"]
[Result "0-1"]
[WhiteElo "1752"]
[BlackElo "1384"]
[PlyCount "68"]
[EventDate "2016.06.17"]
[EventType "swiss"]
[EventRounds "6"]
[EventCountry "BRA"]
[SourceTitle "CBM 173 Extra"]
[Source "ChessBase"]
[SourceDate "2016.08.29"]
[SourceVersion "1"]
[SourceVersionDate "2016.08.29"]
[SourceQuality "1"]

1. e4 c5 2. Nc3 e6 3. Nf3 Nc6 4. d4 cxd4 5. Nxd4 Bc5 6. Be2 Nxd4 7. Be3 Qf6 8. 0-0 Nxe2+ 9. Qxe2 Bb4 10. Nb5 Qd8 11. Bxa7 e5 12. Qe3 Ba5 13. b4 Bc7 14. h3 Rxa7 15. Nxa7 Bb6 16. Qa3 Nf6 17. Rfe1 0-0 18. Nb5 d6 19. Rad1 Ne8 20. Qd3 Qf6 21. Rf1 Qg5 22. Qd2 Qg6 23. Kh2 Qxe4 24. Nxd6 Nxd6 25. Qxd6 Bd4 26. Rfe1 Qxc2 27. a3 Qxf2 28. Rf1 Qh4 29. Qd5 Rd8 30. Qc4 Be6 31. Qc7 h6 32. Qxb7 Qg5 33. Rfe1 Bd5 34. Qa6 Qxg2# 0-1

[Event "BRA-ch Amateur"]
[Site "Brasilia"]
[Date "2016.06.17"]
[Round "1"]
[White "Santos, Saymon Silva"]
[Black "Oliveira, Gabriel Da Silva"]
[Result "0-1"]
[WhiteElo "1384"]
[BlackElo "2037"]
[PlyCount "108"]
[EventDate "2016.06.17"]
[EventType "swiss"]
[EventRounds "6"]
[EventCountry "BRA"]
[SourceTitle "CBM 173 Extra"]
[Source "ChessBase"]
[SourceDate "2016.08.29"]
[SourceVersion "1"]
[SourceVersionDate "2016.08.29"]
[SourceQuality "1"]

1. d4 c5 2. c4 cxd4 3. Qxd4 Nc6 4. Qd1 Nf6 5. Nc3 e6 6. Nf3 Bb4 7. Bd2 0-0 8. e4 Bxc3 9. Bxc3 Nxe4 10. Bd3 Nxc3 11. bxc3 Qf6 12. Qc2 Nb4 13. Qd2 d5 14. cxd5 Nxd5 15. 0-0 Rd8 16. Rac1 Nf4 17. Nd4 e5 18. Bc4 Qg5 19. g3 Nh3+ 20. Kg2 Qxd2 21. Rfd1 Qxf2+ 22. Kh1 Rxd4 23. Rf1 Bd7 24. Rxf2 Bc6+ 25. Rg2 Rad8 26. cxd4 Rxd4 27. Bb5 Nf2+ 28. Kg1 Nh3+ 29. Kf1 Bxb5+ 30. Ke1 Bc4 31. Rd2 Re4+ 32. Kd1 Kf8 33. Rd7 b5 34. Rc2 a5 35. Rcd2 g6 36. Ra7 a4 37. Rad7 Ng1 38. Rf2 Ke8 39. Ra7 Rd4+ 40. Rd2 Bxa2 41. Rxd4 exd4 42. Kc2 Bc4 43. g4 d3+ 44. Kd2 Nf3+ 45. Ke3 d2 46. Ra8+ Kd7 47. Ra7+ Kc6 48. Ra6+ Kc5 49. Kxf3 d1Q+ 50. Kf4 Kd4 51. Rd6+ Bd5 52. Rf6 h6 53. Kg3 Qg1+ 54. Kf4 Qf2# 0-1

[Event "Brasilia Ascade op"]
[Site "Brasilia"]
[Date "2016.01.31"]
[Round "4"]
[White "Santos, Saymon Silva"]
[Black "Valcarcel, Victor Ignacio Sant"]
[Result "0-1"]
[WhiteElo "1402"]
[BlackElo "1647"]
[PlyCount "72"]
[EventDate "2016.01.29"]
[EventType "swiss"]
[EventRounds "5"]
[EventCountry "BRA"]
[SourceTitle "CBM 170 Extra"]
[Source "ChessBase"]
[SourceDate "2016.02.25"]
[SourceVersion "1"]
[SourceVersionDate "2016.02.25"]
[SourceQuality "1"]

1. d4 d5 2. c4 c6 3. Nc3 e6 4. Nf3 Nf6 5. Bg5 Be7 6. e3 Nbd7 7. cxd5 exd5 8. Bd3 h6 9. Bh4 0-0 10. 0-0 Re8 11. Bc2 Ne4 12. Bxe7 Qxe7 13. Nxe4 dxe4 14. Nd2 Nf6 15. f3 exf3 16. Rxf3 Bg4 17. Kf2 Bxf3 18. Qxf3 Qb4 19. Qd1 Qxb2 20. Rb1 Qxa2 21. Rxb7 Rab8 22. Bb3 Ne4+ 23. Ke2 Nc3+ 24. Ke1 Rxb7 25. Qf3 Rxb3 26. Nxb3 Qxb3 27. Kf2 Re6 28. Ke1 Rf6 29. Qg4 Nd5 30. Qc8+ Kh7 31. Qe8 Re6 32. Qxf7 Qxe3+ 33. Kd1 Qd3+ 34. Kc1 Qc3+ 35. Kb1 Re1+ 36. Ka2 Ra1# 0-1

[Event "Brasilia FBX 50"]
[Site "Brasilia"]
[Date "2015.09.05"]
[Round "3"]
[White "Fontes, Matheus Consolmagno"]
[Black "Santos, Saymon Silva"]
[Result "1/2-1/2"]
[WhiteElo "1486"]
[BlackElo "1365"]
[PlyCount "54"]
[EventDate "2015.09.05"]
[EventType "swiss"]
[EventRounds "6"]
[EventCountry "BRA"]
[SourceTitle "EXT 2016"]
[Source "ChessBase"]
[SourceDate "2015.10.08"]
[SourceVersion "1"]
[SourceVersionDate "2015.10.08"]
[SourceQuality "1"]

1. e4 e5 2. Nf3 Nc6 3. Bc4 Be7 4. Nc3 h6 5. 0-0 Nf6 6. d3 0-0 7. Be3 b6 8. Qd2 Ng4 9. h3 Nxe3 10. fxe3 Bg5 11. Qf2 Bf6 12. Rad1 Bb7 13. d4 d6 14. Kh1 Qe7 15. Nd5 Qd8 16. c3 Na5 17. Bd3 Bxd5 18. exd5 Qe7 19. dxe5 dxe5 20. e4 Nb7 21. b4 a6 22. Qe2 b5 23. a3 Nd6 24. Rf2 Rfc8 25. Rdf1 Rf8 26. Qe3 Qd7 27. Rd2 c6 1/2-1/2

[Event "Brasilia FBX 50"]
[Site "Brasilia"]
[Date "2015.09.05"]
[Round "1"]
[White "Sousa e Silva, Marcell Bruno"]
[Black "Santos, Saymon Silva"]
[Result "1-0"]
[WhiteElo "1894"]
[BlackElo "1365"]
[PlyCount "27"]
[EventDate "2015.09.05"]
[EventType "swiss"]
[EventRounds "6"]
[EventCountry "BRA"]
[SourceTitle "EXT 2016"]
[Source "ChessBase"]
[SourceDate "2015.10.08"]
[SourceVersion "1"]
[SourceVersionDate "2015.10.08"]
[SourceQuality "1"]

1. d4 Nf6 2. c4 g6 3. Nc3 Bg7 4. e4 d6 5. Nf3 0-0 6. h3 c6 7. Bf4 c5 8. d5 e5 9. dxe6 Bxe6 10. Bxd6 Re8 11. Bxc5 Qxd1+ 12. Rxd1 Bf5 13. e5 Nfd7 14. Bd6 1-0

[Event "Bra IRT Marista U2200 1st"]
[Site "Bra"]
[Date "2015.08.30"]
[Round "5.16"]
[White "Santos, Saymon Silva"]
[Black "Terra, Arthur Schneider"]
[Result "1/2-1/2"]
[WhiteElo "1365"]
[BlackElo "1800"]
[PlyCount "37"]
[EventDate "2015.08.29"]
[EventType "swiss"]
[EventRounds "5"]
[EventCountry "BRA"]
[SourceTitle "EXT 2022"]
[Source "ChessBase"]
[SourceDate "2021.10.06"]
[SourceVersion "1"]
[SourceVersionDate "2021.10.06"]
[SourceQuality "1"]

1. d4 d5 2. c4 e6 3. Nc3 Nc6 4. e3 Nf6 5. Nf3 Bb4 6. Qc2 0-0 7. Bd3 g6 8. 0-0 Re8 9. e4 dxc4 10. Bxc4 Nxd4 11. Qd3 Bxc3 12. bxc3 Nxf3+ 13. Qxf3 Nh5 14. Rd1 Qf6 15. Qxf6 Nxf6 16. f3 e5 17. Bg5 Be6 18. Be2 Nd7 19. Rab1 1/2-1/2

[Event "Brasilia FBX Nova Geracao U1800"]
[Site "Brasilia"]
[Date "2015.07.26"]
[Round "5.10"]
[White "Campos, Westerley Batista"]
[Black "Santos, Saymon Silva"]
[Result "1-0"]
[WhiteElo "1681"]
[BlackElo "1374"]
[PlyCount "71"]
[EventDate "2015.07.25"]
[EventType "swiss"]
[EventRounds "5"]
[EventCountry "BRA"]
[SourceTitle "EXT 2022"]
[Source "ChessBase"]
[SourceDate "2021.10.06"]
[SourceVersion "1"]
[SourceVersionDate "2021.10.06"]
[SourceQuality "1"]

1. d4 Nf6 2. Bg5 d6 3. h3 Nbd7 4. Nf3 g6 5. e3 a6 6. a4 c6 7. Nbd2 Bg7 8. c3 0-0 9. Be2 Re8 10. 0-0 e5 11. Nc4 h6 12. Nxd6 Re6 13. Bxf6 Rxf6 14. Nxc8 Rxc8 15. Nxe5 Nxe5 16. dxe5 Qxd1 17. Raxd1 Re6 18. Bg4 Ree8 19. Bxc8 Rxc8 20. f4 Re8 21. Kf2 g5 22. Kf3 b5 23. Rd6 c5 24. Rxa6 Rb8 25. Rf2 Kh7 26. a5 Bf8 27. Rb6 Ra8 28. Rxb5 c4 29. Rd2 Rc8 30. Rd7 Kg6 31. g4 gxf4 32. Rb6+ Kg5 33. exf4+ Kh4 34. Rxf7 Kxh3 35. Rxf8 Rxf8 36. Rxh6# 1-0

[Event "Brasilia Centro Oeste-ch"]
[Site "Brasilia"]
[Date "2015.05.15"]
[Round "2"]
[White "Santos, Saymon Silva"]
[Black "Correa, Lorenna Martins"]
[Result "0-1"]
[WhiteElo "1610"]
[BlackElo "1648"]
[PlyCount "98"]
[EventDate "2015.05.15"]
[EventType "swiss"]
[EventRounds "6"]
[EventCountry "BRA"]
[SourceTitle "CBM 166 Extra"]
[Source "ChessBase"]
[SourceDate "2015.06.18"]
[SourceVersion "1"]
[SourceVersionDate "2015.06.18"]
[SourceQuality "1"]

1. f4 d5 2. g3 Nf6 3. Nf3 e6 4. Bg2 c5 5. 0-0 Nc6 6. c3 Be7 7. d3 0-0 8. Nbd2 Ng4 9. e4 Ne3 10. Qe2 Nxf1 11. Qxf1 d4 12. c4 Nb4 13. Nb3 Qd7 14. a3 Nc2 15. Rb1 Rd8 16. Ne5 Qd6 17. Qe2 Ne3 18. Bxe3 dxe3 19. Qxe3 f6 20. Ng4 Qxd3 21. Qxd3 Rxd3 22. Na1 e5 23. fxe5 Bxg4 24. exf6 Bxf6 25. e5 Bxe5 26. Bxb7 Rad8 27. Bd5+ Kh8 28. Re1 Rd1 29. Rxd1 Bxd1 30. Kf2 Bxb2 31. Nc2 Bxc2 32. h4 Bxa3 33. Ke2 a5 34. Kd2 Be4 35. Kc3 Bxd5 36. cxd5 Rxd5 37. Kc4 Rd4+ 38. Kb5 c4 39. Ka4 Bb4 40. h5 c3 41. Kb3 a4+ 42. Kc2 a3 43. Kb3 a2 44. Kxa2 c2 45. Kb2 Rc4 46. Kc1 Ba3+ 47. Kd2 c1Q+ 48. Ke2 Rc3 49. Kf2 Qd2+ 0-1

[Event "Brasilia Terra Viva op"]
[Site "Brasilia"]
[Date "2014.09.21"]
[Round "6"]
[White "Pimenta, Jeronimo Marques"]
[Black "Santos, Saymon Silva"]
[Result "1-0"]
[WhiteElo "2114"]
[BlackElo "1756"]
[PlyCount "67"]
[EventDate "2014.09.19"]
[EventType "swiss"]
[EventRounds "6"]
[EventCountry "BRA"]
[SourceTitle "CBM 162 Extra"]
[Source "ChessBase"]
[SourceDate "2014.10.17"]
[SourceVersion "1"]
[SourceVersionDate "2014.10.17"]
[SourceQuality "1"]

1. d4 Nf6 2. c4 g6 3. Nc3 Bg7 4. e4 d6 5. Nf3 0-0 6. Be2 c6 7. 0-0 Re8 8. h3 e5 9. dxe5 dxe5 10. Qxd8 Rxd8 11. Nxe5 Re8 12. f4 Nfd7 13. Nxd7 Nxd7 14. Bf3 Nc5 15. Bd2 Bxc3 16. Bxc3 Nxe4 17. Bxe4 Rxe4 18. Rfe1 Rxe1+ 19. Rxe1 Be6 20. b3 Rd8 21. Kf2 Rd3 22. Bf6 Rd2+ 23. Kf3 Rd3+ 24. Kf2 Rd2+ 25. Kf3 Rxa2 26. Rd1 Bd5+ 27. cxd5 c5 28. d6 Ra3 29. d7 Rxb3+ 30. Kf2 Rb2+ 31. Bxb2 f6 32. d8Q+ Kg7 33. Qxf6+ Kh6 34. Qh4# 1-0

[Event "Brasilia Terra Viva op"]
[Site "Brasilia"]
[Date "2014.09.21"]
[Round "5"]
[White "Santos, Saymon Silva"]
[Black "Labussiere, Victor"]
[Result "1/2-1/2"]
[WhiteElo "1756"]
[BlackElo "1800"]
[PlyCount "90"]
[EventDate "2014.09.19"]
[EventType "swiss"]
[EventRounds "6"]
[EventCountry "BRA"]
[SourceTitle "CBM 162 Extra"]
[Source "ChessBase"]
[SourceDate "2014.10.17"]
[SourceVersion "1"]
[SourceVersionDate "2014.10.17"]
[SourceQuality "1"]

1. d4 d5 2. c4 c6 3. Nc3 Nf6 4. Nf3 e6 5. Bg5 Bd6 6. Bxf6 Qxf6 7. g3 Nd7 8. e4 dxe4 9. Nxe4 Qe7 10. Nxd6+ Qxd6 11. Bg2 0-0 12. 0-0 c5 13. d5 exd5 14. cxd5 b6 15. Qc2 Bb7 16. Rad1 Rfe8 17. Ng5 g6 18. Qc3 Qe5 19. Qxe5 Rxe5 20. Nh3 Rae8 21. f4 Re3 22. Ng5 Ba6 23. Rf2 Re1+ 24. Rxe1 Rxe1+ 25. Bf1 Bxf1 26. Rxf1 Rxf1+ 27. Kxf1 h6 28. Ne4 f5 29. Nf2 c4 30. Nd1 b5 31. Nc3 b4 32. Nb5 a6 33. Na7 a5 34. Nc6 Nb6 35. Nxa5 b3 36. axb3 cxb3 37. Nxb3 Nxd5 38. Ke2 g5 39. fxg5 hxg5 40. h4 gxh4 41. gxh4 Nf4+ 42. Kf3 Ng6 43. h5 Ne7 44. Nc5 Kh7 45. b4 Kh6 1/2-1/2

[Event "Brasilia Terra Viva op"]
[Site "Brasilia"]
[Date "2014.09.19"]
[Round "2"]
[White "Vargas, Carlos V Valcarcel"]
[Black "Santos, Saymon Silva"]
[Result "1-0"]
[WhiteElo "1639"]
[BlackElo "1756"]
[PlyCount "67"]
[EventDate "2014.09.19"]
[EventType "swiss"]
[EventRounds "6"]
[EventCountry "BRA"]
[SourceTitle "CBM 162 Extra"]
[Source "ChessBase"]
[SourceDate "2014.10.17"]
[SourceVersion "1"]
[SourceVersionDate "2014.10.17"]
[SourceQuality "1"]

1. d4 Nf6 2. c4 g6 3. Bg5 Bg7 4. Qc1 0-0 5. Bh6 Kh8 6. g3 Ng8 7. Bxg7+ Kxg7 8. Bg2 Nc6 9. Nf3 d5 10. cxd5 Qxd5 11. Nc3 Qf5 12. 0-0 b6 13. e4 Qd7 14. d5 Nb4 15. Rd1 Ba6 16. a3 Nd3 17. Qc2 Qg4 18. Rxd3 Bxd3 19. Qxd3 Nf6 20. Ne5 Qh5 21. f4 Ng4 22. Nxg4 Qxg4 23. Rc1 Rad8 24. Nb5 c6 25. Rxc6 e6 26. d6 a6 27. Nc7 f5 28. Nxe6+ Kf7 29. Nxf8 Kxf8 30. e5 g5 31. h3 Qh5 32. Qxf5+ Kg8 33. Bd5+ Kh8 34. Qf6# 1-0